[Event "World Junior U20 Open 2018"]
[Site "Gebze"]
[Date "2018.09.12"]
[Round "8.56"]
[White "Silva, David"]
[Black "Zlatin, Alexander"]
[Result "1-0"]
[WhiteElo "2223"]
[BlackElo "2312"]
[Annotator "NA"]
[PlyCount "135"]
[EventDate "2018.09.05"]
[EventType "swiss"]
[EventCountry "TUR"]
[SourceTitle "playchess.com"]
[Source "ChessBase"]
[SourceQuality "1"]
[TimeControl "40/5400+30:1800+30"]

1. e4 {[%emt 0:00:30]} e5 {[%emt 0:00:30]} 2. Nf3 {[%emt 0:00:30]} Nc6 {[%emt 0:00:00]} 3. Bb5 {[%emt 0:00:00]} a6 {[%emt 0:00:00]} 4. Ba4 {[%emt 0:00:00]} Nf6 {[%emt 0:00:30]} 5. O-O {[%emt 0:06:30]} b5 {[%emt 0:00:00]} 6. Bb3 {[%emt 0:00:30]} Bc5 {[%emt 0:00:00]} 7. a4 {[%emt 0:00:30]} Rb8 {[%emt 0:00:00]} 8. c3 {[%emt 0:00:00]} d6 {[%emt 0:00:00]} 9. d4 {[%emt 0:02:00]} Bb6 {[%emt 0:00:30]} 10. a5 {[%emt 0:00:30]} Ba7 {[%emt 0:00:00]} 11. Be3 {[%emt 0:00:30]} exd4 {[%emt 0:10:00]} 12. cxd4 {[%emt 0:03:30]} O-O {[%emt 0:08:30]} 13. h3 {[%emt 0:00:30]} Nxe4 {[%emt 0:09:30]} 14. Qc2 {[%emt 0:04:30]} Qe8 {[%emt 0:00:30]} 15. Nc3 {[%emt 0:00:30]} Bf5 {[%emt 0:09:30]} 16. Nd5 {[%emt 0:01:30]} Ne7 {[%emt 0:18:30]} 17. Nh4 {[%emt 0:00:30]} Nxd5 {[%emt 0:06:30]} 18. Bxd5 {[%emt 0:00:30]} g6 {[%emt 0:06:30]} 19. Nxf5 {[%emt 0:03:30]} gxf5 {[%emt 0:00:00]} 20. Qxc7 {[%emt 0:01:30]} Nf6 {[%emt 0:02:00]} 21. Bb3 {[%emt 0:04:30]} Qd7 {[%emt 0:00:30]} 22. Qc2 {[%emt 0:00:30]} d5 {[%emt 0:01:30]} 23. Rac1 {[%emt 0:00:30]} Rbc8 {[%emt 0:00:30]} 24. Qd3 {[%emt 0:00:30]} Bb8 {[%emt 0:00:30]} 25. Bh6 {[%emt 0:02:30]} Rxc1 {[%emt 0:01:30]} 26. Rxc1 {[%emt 0:00:30]} Re8 {[%emt 0:00:00]} 27. Qf3 {[%emt 0:01:30]} Qe6 {[%emt 0:03:00]} 28. g3 {[%emt 0:01:30]} Ne4 {[%emt 0:00:30]} 29. Bf4 {[%emt 0:00:30]} Ba7 {[%emt 0:03:30]} 30. Be3 {[%emt 0:05:30]} Bb8 {[%emt 0:00:00]} 31. Kg2 {[%emt 0:00:00]} Kh8 {[%emt 0:01:00]} 32. Bf4 {[%emt 0:00:00]} Ba7 {[%emt 0:01:20]} 33. Qd3 {[%emt 0:02:30]} Rg8 {[%emt 0:01:42]} 34. Re1 {[%emt 0:00:30]} Qc6 {[%emt 0:05:01]} 35. Re2 {[%emt 0:02:30]} h6 {[%emt 0:03:42]} 36. Be5+ {[%emt 0:00:30]} f6 {[%emt 0:01:46]} 37. Bf4 {[%emt 0:00:30]} Qd7 {[%emt 0:01:02]} 38. Qf3 {[%emt 0:03:30]} Qf7 {[%emt 0:04:17]} 39. Bxh6 {[%emt 0:00:30]} Bxd4 {[%emt 0:00:44]} 40. Qxf5 {[%emt 0:00:00]} Qg6 {[%emt 0:00:00]} 41. Qxg6 {[%emt 0:02:00]} Rxg6 {[%emt 0:02:26]} 42. Bf4 {[%emt 0:00:30]} Nc5 {[%emt 0:01:30]} 43. Re8+ {[%emt 0:02:30]} Rg8 {[%emt 0:00:30]} 44. Rxg8+ {[%emt 0:00:30]} Kxg8 {[%emt 0:00:30]} 45. Bxd5+ {[%emt 0:00:00]} Kg7 {[%emt 0:00:00]} 46. b3 {[%emt 0:01:00]} Bc3 {[%emt 0:01:00]} 47. Be3 {[%emt 0:00:30]} Nd3 {[%emt 0:00:00]} 48. Bb6 {[%emt 0:00:30]} f5 {[%emt 0:01:00]} 49. f4 {[%emt 0:00:00]} Kf6 {[%emt 0:01:30]} 50. Bb7 {[%emt 0:00:00]} Nc1 {[%emt 0:01:30]} 51. Bxa6 {[%emt 0:02:30]} Nxb3 {[%emt 0:00:30]} 52. Bxb5 {[%emt 0:00:30]} Nxa5 {[%emt 0:00:00]} 53. Bxa5 {[%emt 0:00:30]} Bxa5 {[%emt 0:00:00]} 54. Bd3 {[%emt 0:00:00]} Bc3 {[%emt 0:00:30]} 55. g4 {[%emt 0:00:00]} fxg4 {[%emt 0:00:00]} 56. hxg4 {[%emt 0:00:00]} Kg7 {[%emt 0:01:00]} 57. g5 {[%emt 0:00:00]} Bd2 {[%emt 0:00:00]} 58. Kf3 {[%emt 0:00:30]} Bc1 {[%emt 0:00:00]} 59. Kg4 {[%emt 0:00:00]} Bd2 {[%emt 0:00:00]} 60. f5 {[%emt 0:00:00]} Bc3 {[%emt 0:00:00]} 61. Kf3 {[%emt 0:00:00]} Kf7 {[%emt 0:00:00]} 62. Bc4+ {[%emt 0:01:00]} Ke7 {[%emt 0:01:00]} 63. Kg4 {[%emt 0:00:30]} Kd6 {[%emt 0:01:30]} 64. Kh5 {[%emt 0:00:30]} Ke5 {[%emt 0:00:30]} 65. Bd3 {[%emt 0:00:30]} Kf4 {[%emt 0:00:30]} 66. Kh6 {[%emt 0:00:30]} Kg4 {[%emt 0:00:30]} 67. g6 {[%emt 0:00:30]} Bd2+ {[%emt 0:00:30]} 68. Kh7 {[%emt 0:00:30]} 1-0

[Event "World Junior U20 Open 2018"]
[Site "Gebze"]
[Date "2018.09.12"]
[Round "8.57"]
[White "Eren, Ataberk"]
[Black "Suleymenov, Alisher"]
[Result "0-1"]
[WhiteElo "2180"]
[BlackElo "2307"]
[Annotator "TA"]
[PlyCount "206"]
[EventDate "2018.09.05"]
[EventType "swiss"]
[EventCountry "TUR"]
[SourceTitle "playchess.com"]
[Source "ChessBase"]
[SourceQuality "1"]

{[%evp 17,206,-3,27,-19,28,-67,-63,-77,-55,-75,-77,-107,-108,-112,-80,-121,-41,-60,-62,-66,-65,-58,-34,-34,-44,-43,-27,-20,-22,-49,0,-8,12,21,18,-12,-28,-43,-46,-32,-13,-26,-11,-50,-38,-52,-19,-63,-8,-65,-52,-102,36,35,19,28,200,78,102,60,55,50,97,0,0,0,0,0,0,0,0,0,0,0,0,0,0,0,0,0,0,0,0,0,0,0,0,0,0,-30,-8,-8,-8,-68,-48,-45,-34,-36,-39,-127,-49,-49,-50,-47,-52,-102,-22,-34,0,0,0,-29,0,0,0,0,0,0,0,-5,0,0,0,-8,-8,-420,-137,-453,-98,-60,-29,-42,0,-107,-92,-110,-90,-86,-75,-238,-238,-183,-59,-70,-64,-199,-194,-199,-199,-199,-183,-2420,-2484,-2406,-2442,-2164,-1018,-1869,-2027,-1888,-1862,-2841,-2635,-29969,-29968,-29965,-29966,-29975,-29976,-5081,-12845,-29979,-29980,-29980,-29981,-29983,-29984,-29984,-29985,-29985,-29986,-29986,-29987,-29988,-29988,-29988,-29989,-29990,-29991,-29992,-29993]} 1. e4 c5 2. Nf3 e6 3. d4 cxd4 4. Nxd4 Nc6 5. Nc3 Qc7 6. g3 a6 7. Bg2 Nf6 8. O-O h5 {B47: Sizilianisch (Paulsen/Taimanow-Variante)} 9. Nb3 h4 {LiveBook: 3 Partien} 10. Bf4 Ne5 {Die Stellung ist ausgeglichen.} 11. Re1 (11. Bxe5 $1 $11 Qxe5 12. f4 Bc5+ 13. Kh1 hxg3 14. h3) 11... d6 $15 12. Qd4 $146 ({Vorgänger:} 12. a4 hxg3 13. hxg3 b6 14. Nd4 Bb7 15. Qe2 Nfd7 16. Bg5 g6 17. Rad1 Bg7 18. Ndb5 axb5 19. Nxb5 Qb8 20. Nxd6+ Kf8 21. f4 {1-0 (21) Gordievsky,D (2613)-Song,M (2419) Rockville 2017}) 12... Be7 13. Na4 Nfd7 14. Rad1 b5 {Und ...h3 würde nun gewinnen.} (14... Qxc2 15. Rc1 $16) 15. Nc3 Bb7 16. a4 bxa4 ({Günstiger ist} 16... Nc4 $17 17. axb5 e5) 17. Qxa4 Nc4 18. Bc1 Kf8 19. Nd4 Ncb6 20. Qa2 Rc8 21. Na4 Ne5 22. Nxb6 Qxb6 23. c3 Bf6 24. Qb3 Qc7 25. f4 Nc4 26. Bf1 Na5 $1 $36 {[%mdl 2048] Schwarz drückt.} 27. Qb4 Be7 28. Qa4 hxg3 29. hxg3 g6 30. Nf3 Nc4 31. Kg2 Kg7 32. b3 {[%cal Ra4c4]} Nb6 (32... d5 $15 33. bxc4 dxe4) 33. Qa1 (33. Qd4+ $11 e5 34. Qe3) 33... Bf6 34. Bb2 Kg8 (34... Nd7 $1 $17) 35. c4 $14 Bxb2 36. Qxb2 Qc5 $2 (36... Nd7 $11) 37. Bd3 (37. Ng5 $18 e5 38. b4) 37... Nd7 $16 (37... Qh5 $2 38. Rh1 $18) 38. Rh1 (38. b4 {seems wilder.} Qb6 39. Rh1 Rxh1 40. Rxh1 f6 41. Qd2) 38... Rxh1 39. Rxh1 {[%csl Gb2][%cal Rh1h8]} e5 40. fxe5 (40. Qd2 $1 $16 exf4 41. Qxf4 (41. gxf4 Qb6 $16)) 40... Nxe5 $11 41. Nxe5 dxe5 42. Qf2 {Droht Matt per Df6.} Qd6 43. Qe3 Rd8 44. Qh6 {[%csl Gh1][%cal Rh6h8]} Qf6 45. Qh7+ Kf8 46. Qh6+ Ke8 47. Rf1 Qe6 48. Bc2 Rd4 49. Kg1 a5 50. Qh8+ Ke7 51. Qb8 Rd7 52. Qa7 Qd6 53. Rd1 (53. Qxa5 {is interesting.} Qd4+ 54. Rf2 f6 55. Qe1 Ke8 56. Kg2) 53... Qb4 {Droht ...Txd1+ und aus.} (53... Qc7 {keeps more tension.} 54. Rxd7+ Kxd7 55. Qf2 Ke7 56. Qe3 Qd6) 54. Rxd7+ Kxd7 55. Qf2 (55. Kf1 $11) 55... Ke7 56. Qe3 Qd6 57. Kf1 Qd4 58. Qg5+ (58. Ke2 $15) 58... Ke6 ({Besser ist} 58... Ke8 $17 {Weiss muss nun ...a4 beachten.} 59. Qf6 Bxe4 60. Bxe4 Qxe4) 59. Qg4+ $15 Kf6 60. Qf3+ Ke7 61. Qe2 Kd6 (61... Qc3 $17 62. Qd3 Qd4) 62. Qe1 $11 Qb2 63. Qd2+ Ke7 64. c5 {Droht stark Dd6+.} Kf8 65. c6 Ba6+ 66. Ke1 Kg7 67. c7 Bc8 68. Bd1 Qa3 69. Qd8 Qb4+ 70. Kf1 Bh3+ 71. Kg1 $2 {[%mdl 8192]} (71. Kf2 $1 $11) 71... Qe1+ $19 (71... Qxe4 72. Qd2 $17) 72. Kh2 Qf1 $2 (72... Bf1 $1 $19 {ist viel giftiger. ( -> ...Df2+)} 73. Qf8+ (73. Kg1 {führt zum Matt.} Bd3+ 74. Kh2 Qf2+ 75. Kh3 Bf1+ 76. Kg4 f5+ 77. exf5 Qxf5+ 78. Kh4 Qh3+ 79. Kg5 Qh6+ 80. Kg4 Qh5#) 73... Kxf8 74. c8=Q+ Kg7) 73. Qd2 $17 Be6 {Und weiter mit ...Dh3+ wäre nett.} 74. g4 Kh7 75. g5 (75. Qc2 $11 {bleibt in der Remisbreite.}) 75... Kg7 76. Bc2 Qh3+ 77. Kg1 Qg3+ 78. Kf1 $2 (78. Kh1 $17) 78... Bh3+ $19 79. Ke2 {[#]} Bg4+ (79... Qg4+ $1 $19 80. Ke3 Qg3+ 81. Ke2 Qg4+ 82. Kd3 Qd7+ 83. Kc3 Qxc7+ 84. Kb2 Qc5) 80. Kf1 $15 Qh3+ 81. Qg2 (81. Kg1 $1 $15) 81... Qh4 $19 82. Qf2 Qxg5 83. Qc5 Qf4+ 84. Qf2 $2 (84. Ke1) 84... Bh3+ 85. Kg1 Qxf2+ 86. Kxf2 {[%mdl 4096] Endspiel KL-KL} Kf6 (86... Kf8 $142 87. Bd3 Bc8) 87. Bd3 {[#]} Bc8 $1 88. Bb5 Ke7 89. Ke3 f5 90. exf5 gxf5 91. Kd3 Kd6 92. Kc4 Be6+ 93. Kc3 Kxc7 94. b4 axb4+ {Schwarz setzt Matt.} 95. Kxb4 Kd6 96. Bf1 e4 97. Kc3 Ke5 98. Kd2 f4 {[%cal Bf5f4,Bf4f3,Bf3f2][%mdl 32]} 99. Ba6 Bg4 100. Ke1 f3 101. Kf2 Kf4 102. Ke1 e3 103. Be2 f2+ {Precision: Weiß = 38%, Schwarz = 55%.} 0-1

[Event "World Junior U20 Open 2018"]
[Site "Gebze"]
[Date "2018.09.12"]
[Round "8.58"]
[White "Ozenir, Ekin Baris"]
[Black "Can, Melih Kaan"]
[Result "1/2-1/2"]
[WhiteElo "2303"]
[BlackElo "2195"]
[Annotator "TA"]
[PlyCount "164"]
[EventDate "2018.09.05"]
[EventType "swiss"]
[EventCountry "TUR"]
[SourceTitle "playchess.com"]
[Source "ChessBase"]
[SourceQuality "1"]

{[%evp 17,164,14,13,8,14,15,8,-15,-12,-33,8,41,41,35,35,23,52,27,60,52,51,0,55,33,79,61,59,50,43,35,48,47,50,38,43,27,85,75,83,35,39,42,92,53,25,4,4,4,4,8,50,26,26,0,0,0,26,26,32,42,37,37,32,29,34,0,65,60,94,97,96,95,97,97,97,87,81,15,15,15,66,0,0,8,8,0,0,0,0,0,0,0,0,0,0,0,0,0,0,0,0,0,0,0,0,0,0,0,0,0,0,0,0,0,8,0,8,8,937,909,1441,1532,1494,1432,1453,1201,1108,77,77,0,0,0,0,0,0,0,0,0,0,0,0,0,0,0,0,0,0,0,0]} 1. d4 c5 2. d5 Nf6 3. Nc3 d6 4. e4 g6 5. Nf3 Bg7 6. Be2 O-O 7. O-O e6 8. dxe6 Bxe6 9. Ng5 Nc6 10. Nxe6 {A43: Schmid Benoni} fxe6 11. Be3 Qe7 12. Re1 $146 ({Predecessor:} 12. Qd2 Rad8 13. Rae1 a6 14. a4 Nd7 15. f4 Nb6 16. b3 d5 17. exd5 exd5 {½-½ (39) Burmakin,V (2603)-Iljiushenok,I (2415) Moscow 2011}) 12... Rad8 13. Bf1 d5 14. exd5 $1 Nxd5 15. Nxd5 exd5 16. c3 b6 17. Bb5 Qd6 18. Qa4 Ne5 19. Rad1 ({Wrong is} 19. Qxa7 $2 Ra8 $19) (19. Bg5 $14 a6 20. Bxa6 (20. Qxa6 Bf6 $11)) 19... Kh8 (19... d4 $11) 20. h3 d4 21. cxd4 cxd4 22. f4 ({Stronger than} 22. Bxd4 Nf3+ 23. gxf3 Bxd4 $17) 22... Nf7 $1 23. Bd2 Nh6 24. Bd3 a5 25. Rc1 Nf5 26. Rc6 Qb8 (26... Qd7 $11) 27. Bxf5 $16 Rxf5 28. Qb3 b5 29. Re7 {Hoping for Rcc7.} Re8 30. Rxe8+ (30. Rd7 {seems wilder.} Rd8 31. Rdc7 Rf6 32. Bxa5 Rxc6 33. Rxc6 Rc8 34. Rxc8+ Qxc8 35. Bd2) 30... Qxe8 31. Qe6 (31. Qf3 {is interesting.} Qd7 32. Bxa5 d3 33. Rc7 Qd4+ 34. Qf2) 31... Qxe6 32. Rxe6 $11 {[%mdl 4096] Endgame KRB-KRB} Kg8 33. Rc6 a4 34. Rc8+ Rf8 35. Rc5 Rf5 36. Rc8+ Rf8 37. Rxf8+ Kxf8 {KB-KB} 38. Kf2 Ke7 $1 39. Kf3 Kd6 40. Ke4 Kc5 41. b3 Bf6 (41... h5 $11) 42. g3 Bg7 43. g4 $1 Bf6 44. Be1 $1 Bg7 45. h4 Bh8 46. Bf2 Bg7 47. g5 (47. Bg1 $16) 47... axb3 48. axb3 Bh8 ({Black should try} 48... h6 $11) 49. Be1 ({White should play} 49. h5 $1 $14) 49... Bg7 50. Ba5 Bf8 51. Be1 Bd6 52. Bd2 Bc7 53. f5 gxf5+ 54. Kxf5 Kd5 55. h5 Be5 56. h6 d3 57. Be1 Bh8 58. Kf4 Kd4 59. Bd2 Be5+ 60. Kf3 Bh8 61. Kf4 Be5+ 62. Kf3 Bh8 63. Ba5 Be5 64. Bb4 Bc7 65. Bd2 Bd8 66. Kf4 Kd5 67. Bc3 Bc7+ $2 {[%mdl 8192]} (67... Ke6 $11) 68. Ke3 d2 69. Bxd2 Be5 70. Kd3 $1 Ke6 {[#]} 71. Ke4 $1 Bb2 {[#]} 72. Be3 $2 (72. b4 $1 $18 Kf7 73. Kd5) 72... Bc3 $16 73. Bd4 (73. Bb6 $16) 73... Bxd4 $11 {The position is equal.} 74. Kxd4 {Intending g6 and mate. K3P-KPP} Kf5 75. Kc5 Kxg5 76. Kxb5 Kxh6 {KP-KP} 77. Kc4 {White threatens b4 and mate.} Kg5 78. b4 {White wants to mate with b5.} h5 {[%cal Bh7h5,Bh5h4,Bh4h3][%mdl 32]} 79. Kd4 h4 80. Ke3 {b5 is the strong threat.} h3 {( -> ...h2)} 81. Kf3 {Threatens to win with b5.} Kf5 (81... h2 $5 82. Kg2 $8 Kf6 $11) 82. b5 {Strongly threatening b6.} Ke5 {Precision: White = 60%, Black = 55%.} (82... h2 $5 83. Kg2 $8 Ke6 $11) 1/2-1/2

[Event "World Junior U20 Open 2018"]
[Site "Gebze"]
[Date "2018.09.12"]
[Round "8.59"]
[White "Cadilhac, Igor Tokuichi Kikuc"]
[Black "Ozgur, Tibet Kagan"]
[Result "1-0"]
[WhiteElo "2286"]
[BlackElo "2056"]
[Annotator "NA"]
[PlyCount "71"]
[EventDate "2018.09.05"]
[EventType "swiss"]
[EventCountry "TUR"]
[SourceTitle "playchess.com"]
[Source "ChessBase"]
[SourceQuality "1"]
[TimeControl "40/5400+30:1800+30"]

1. e4 {[%emt 0:00:30]} c5 {[%emt 0:00:30]} 2. Nf3 {[%emt 0:00:30]} d6 {[%emt 0:00:00]} 3. d4 {[%emt 0:00:00]} cxd4 {[%emt 0:00:00]} 4. Qxd4 {[%emt 0:00:00]} Nc6 {[%emt 0:00:00]} 5. Bb5 {[%emt 0:00:30]} Bd7 {[%emt 0:00:00]} 6. Qd3 {[%emt 0:00:00]} Nb4 {[%emt 0:07:30]} 7. Bxd7+ {[%emt 0:02:00]} Qxd7 {[%emt 0:00:30]} 8. Qe2 {[%emt 0:05:30]} Nf6 {[%emt 0:05:30]} 9. O-O {[%emt 0:03:30]} e6 {[%emt 0:03:30]} 10. Rd1 {[%emt 0:02:30]} Qc6 {[%emt 0:14:30]} 11. Nc3 {[%emt 0:06:30]} Be7 {[%emt 0:03:30]} 12. a3 {[%emt 0:07:30]} Na6 {[%emt 0:01:30]} 13. Nd4 {[%emt 0:05:30]} Qc8 {[%emt 0:10:30]} 14. Ndb5 {[%emt 0:01:30]} Qc6 {[%emt 0:02:30]} 15. Bf4 {[%emt 0:04:30]} e5 {[%emt 0:13:30]} 16. Bg5 {[%emt 0:00:30]} Nc7 {[%emt 0:09:30]} 17. Nxc7+ {[%emt 0:03:30]} Qxc7 {[%emt 0:00:00]} 18. Bxf6 {[%emt 0:11:30]} gxf6 {[%emt 0:02:00]} 19. Nd5 {[%emt 0:00:30]} Qd8 {[%emt 0:01:30]} 20. Ne3 {[%emt 0:14:30]} Rc8 {[%emt 0:03:30]} 21. Rd3 {[%emt 0:01:30]} Bf8 {[%emt 0:01:19]} 22. Rad1 {[%emt 0:00:30]} Rc6 {[%emt 0:01:10]} 23. Qh5 {[%emt 0:03:30]} h6 {[%emt 0:03:22]} 24. c3 {[%emt 0:06:16]} Rg8 {[%emt 0:01:01]} 25. Nd5 {[%emt 0:03:34]} Rg6 {[%emt 0:01:21]} 26. Qf5 {[%emt 0:03:39]} Bg7 {[%emt 0:04:08]} 27. Nb4 {[%emt 0:03:44]} Rb6 {[%emt 0:01:04]} 28. c4 {[%emt 0:00:08]} Rg5 {[%emt 0:02:40]} 29. Qh3 {[%emt 0:00:02]} f5 {[%emt 0:06:03]} 30. c5 {[%emt 0:00:53]} fxe4 {[%emt 0:00:21]} 31. Rxd6 {[%emt 0:01:47]} Rxd6 {[%emt 0:00:45]} 32. Rxd6 {[%emt 0:00:02]} Qb8 {[%emt 0:00:43]} 33. Qd7+ {[%emt 0:01:39]} Kf8 {[%emt 0:00:01]} 34. c6 {[%emt 0:00:16]} bxc6 {[%emt 0:02:07]} 35. Nxc6 {[%emt 0:00:11]} Qe8 {[%emt 0:00:49]} 36. Qxe8+ {[%emt 0:00:39]} 1-0

[Event "World Junior U20 Open 2018"]
[Site "Gebze"]
[Date "2018.09.12"]
[Round "8.60"]
[White "Liyanage, Ranindu Dilshan"]
[Black "Vanczak, Tamas"]
[Result "1-0"]
[WhiteElo "1989"]
[BlackElo "2276"]
[Annotator "NA"]
[PlyCount "109"]
[EventDate "2018.09.05"]
[EventType "swiss"]
[EventCountry "TUR"]
[SourceTitle "playchess.com"]
[Source "ChessBase"]
[SourceQuality "1"]
[TimeControl "40/5400+30:1800+30"]

1. e4 {[%emt 0:00:30]} c5 {[%emt 0:00:30]} 2. Nf3 {[%emt 0:00:00]} d6 {[%emt 0:00:30]} 3. d4 {[%emt 0:00:00]} cxd4 {[%emt 0:00:30]} 4. Nxd4 {[%emt 0:00:30]} Nf6 {[%emt 0:00:00]} 5. Nc3 {[%emt 0:00:00]} a6 {[%emt 0:00:00]} 6. h4 {[%emt 0:00:00]} g6 {[%emt 0:06:30]} 7. Bg5 {[%emt 0:10:30]} Nbd7 {[%emt 0:04:30]} 8. Be2 {[%emt 0:11:30]} h6 {[%emt 0:02:30]} 9. Be3 {[%emt 0:09:30]} h5 {[%emt 0:00:30]} 10. Bg5 {[%emt 0:08:30]} Bg7 {[%emt 0:01:30]} 11. Qd2 {[%emt 0:00:30]} Nc5 {[%emt 0:10:30]} 12. f3 {[%emt 0:01:30]} Bd7 {[%emt 0:04:30]} 13. O-O-O {[%emt 0:07:30]} b5 {[%emt 0:01:30]} 14. Qe3 {[%emt 0:01:30]} b4 {[%emt 0:18:30]} 15. Nd5 {[%emt 0:02:30]} e6 {[%emt 0:02:30]} 16. Nxf6+ {[%emt 0:07:30]} Bxf6 {[%emt 0:00:30]} 17. e5 {[%emt 0:00:30]} Bxg5 {[%emt 0:06:30]} 18. hxg5 {[%emt 0:00:30]} d5 {[%emt 0:00:30]} 19. g4 {[%emt 0:02:30]} h4 {[%emt 0:00:30]} 20. Rh2 {[%emt 0:01:30]} Qa5 {[%emt 0:02:30]} 21. Kb1 {[%emt 0:00:30]} Rc8 {[%emt 0:04:30]} 22. Rdh1 {[%emt 0:02:30]} Kd8 {[%emt 0:03:30]} 23. Nb3 {[%emt 0:07:30]} Nxb3 {[%emt 0:01:30]} 24. axb3 {[%emt 0:00:30]} Qc7 {[%emt 0:01:30]} 25. Bd3 {[%emt 0:08:15]} Bb5 {[%emt 0:00:30]} 26. f4 {[%emt 0:00:21]} Qc5 {[%emt 0:03:30]} 27. Qxc5 {[%emt 0:01:20]} Rxc5 {[%emt 0:00:30]} 28. Bxb5 {[%emt 0:00:00]} Rxb5 {[%emt 0:00:00]} 29. Rxh4 {[%emt 0:00:00]} Rxh4 {[%emt 0:01:00]} 30. Rxh4 {[%emt 0:00:04]} Ke7 {[%emt 0:01:30]} 31. Rh8 {[%emt 0:00:17]} Rc5 {[%emt 0:00:30]} 32. Ra8 {[%emt 0:02:45]} a5 {[%emt 0:00:30]} 33. Kc1 {[%emt 0:01:18]} Rb5 {[%emt 0:00:30]} 34. Ra7+ {[%emt 0:00:57]} Ke8 {[%emt 0:00:30]} 35. Rc7 {[%emt 0:00:48]} Rb8 {[%emt 0:00:30]} 36. Kd2 {[%emt 0:01:58]} Ra8 {[%emt 0:00:30]} 37. Rb7 {[%emt 0:00:48]} a4 {[%emt 0:02:30]} 38. Rxb4 {[%emt 0:01:13]} axb3 {[%emt 0:00:30]} 39. Rxb3 {[%emt 0:01:59]} Ra4 {[%emt 0:00:00]} 40. Ke3 {[%emt 0:00:00]} Re4+ {[%emt 0:00:00]} 41. Kf3 {[%emt 0:01:27]} Rc4 {[%emt 0:00:30]} 42. c3 {[%emt 0:01:30]} Re4 {[%emt 0:01:30]} 43. Rb7 {[%emt 0:01:30]} Re1 {[%emt 0:00:30]} 44. Rb4 {[%emt 0:00:30]} Kd7 {[%emt 0:00:30]} 45. Rb7+ {[%emt 0:00:30]} Ke8 {[%emt 0:00:00]} 46. Rc7 {[%emt 0:16:30]} Rb1 {[%emt 0:02:00]} 47. b4 {[%emt 0:01:30]} Rb3 {[%emt 0:01:30]} 48. Ke3 {[%emt 0:01:15]} Kd8 {[%emt 0:00:00]} 49. Rxf7 {[%emt 0:03:30]} Rxc3+ {[%emt 0:00:00]} 50. Kd2 {[%emt 0:01:03]} Rb3 {[%emt 0:00:30]} 51. f5 {[%emt 0:03:47]} Rxb4 {[%emt 0:01:30]} 52. fxg6 {[%emt 0:01:25]} Ke8 53. Rf6 {[%emt 0:00:34]} Ke7 {[%emt 0:01:00]} 54. g7 {[%emt 0:00:14]} Rb8 {[%emt 0:00:00]} 55. g6 {[%emt 0:00:15]} 1-0

[Event "World Junior U20 Open 2018"]
[Site "Gebze"]
[Date "2018.09.12"]
[Round "8.61"]
[White "Zhao, Chenxi"]
[Black "Akin, Kadir"]
[Result "1-0"]
[WhiteElo "2275"]
[BlackElo "1974"]
[Annotator "NA"]
[PlyCount "137"]
[EventDate "2018.09.05"]
[EventType "swiss"]
[EventCountry "TUR"]
[SourceTitle "playchess.com"]
[Source "ChessBase"]
[SourceQuality "1"]
[TimeControl "40/5400+30:1800+30"]

1. c4 {[%emt 0:00:30]} e6 {[%emt 0:00:30]} 2. Nc3 {[%emt 0:00:00]} d5 {[%emt 0:00:00]} 3. d4 {[%emt 0:01:00]} Nf6 {[%emt 0:00:00]} 4. cxd5 {[%emt 0:00:00]} exd5 {[%emt 0:00:00]} 5. Bg5 {[%emt 0:00:00]} Be7 {[%emt 0:00:00]} 6. e3 {[%emt 0:00:00]} c6 {[%emt 0:00:30]} 7. Bd3 {[%emt 0:00:00]} h6 {[%emt 0:00:30]} 8. Bh4 {[%emt 0:01:30]} Ne4 {[%emt 0:00:30]} 9. Bxe7 {[%emt 0:01:30]} Qxe7 {[%emt 0:00:00]} 10. Nge2 {[%emt 0:04:30]} O-O {[%emt 0:13:00]} 11. Bxe4 {[%emt 0:00:30]} dxe4 {[%emt 0:00:30]} 12. Qc2 {[%emt 0:00:30]} Bf5 {[%emt 0:01:30]} 13. O-O {[%emt 0:01:30]} Nd7 {[%emt 0:03:30]} 14. a3 {[%emt 0:02:30]} Nb6 {[%emt 0:03:30]} 15. Ng3 {[%emt 0:03:30]} Bg6 {[%emt 0:00:30]} 16. Qb3 {[%emt 0:02:30]} Rad8 {[%emt 0:01:30]} 17. Rfc1 {[%emt 0:02:30]} Kh8 {[%emt 0:00:30]} 18. Qb4 {[%emt 0:01:30]} Qe6 {[%emt 0:06:30]} 19. Na4 {[%emt 0:00:00]} Nxa4 {[%emt 0:01:30]} 20. Qxa4 {[%emt 0:00:00]} a6 {[%emt 0:00:30]} 21. Qb4 {[%emt 0:01:30]} Qd7 {[%emt 0:03:30]} 22. Rc5 {[%emt 0:00:30]} f5 {[%emt 0:00:30]} 23. Ne2 {[%emt 0:00:30]} Bf7 {[%emt 0:01:30]} 24. Re5 {[%emt 0:00:00]} Rfe8 {[%emt 0:00:30]} 25. Rxe8+ {[%emt 0:01:00]} Rxe8 {[%emt 0:00:30]} 26. Rc1 {[%emt 0:00:30]} Rd8 {[%emt 0:02:30]} 27. h3 {[%emt 0:01:30]} Bd5 {[%emt 0:01:30]} 28. Nf4 {[%emt 0:00:30]} Qf7 {[%emt 0:00:30]} 29. Qb6 {[%emt 0:12:30]} Rd7 {[%emt 0:00:30]} 30. Rc5 {[%emt 0:00:30]} Bc4 {[%emt 0:32:30]} 31. Qa7 {[%emt 0:09:30]} Kh7 {[%emt 0:03:30]} 32. h4 {[%emt 0:01:30]} g5 {[%emt 0:00:30]} 33. hxg5 {[%emt 0:00:30]} hxg5 {[%emt 0:00:30]} 34. Nh3 {[%emt 0:00:00]} Kg6 {[%emt 0:00:00]} 35. Re5 {[%emt 0:10:00]} Be2 {[%emt 0:10:50]} 36. Qb8 {[%emt 0:07:30]} Bg4 {[%emt 0:00:09]} 37. Qh8 {[%emt 0:00:30]} Re7 {[%emt 0:00:51]} 38. Qd8 {[%emt 0:02:30]} Rxe5 {[%emt 0:01:20]} 39. Qxg5+ {[%emt 0:01:30]} Kh7 {[%emt 0:00:02]} 40. dxe5 {[%emt 0:00:00]} Bxh3 {[%emt 0:00:00]} 41. Qh4+ {[%emt 0:14:00]} Kg6 {[%emt 0:01:48]} 42. Qxh3 {[%emt 0:01:30]} Qe8 {[%emt 0:42:30]} 43. Qh4 {[%emt 0:01:30]} Qf7 {[%emt 0:00:30]} 44. Qh3 {[%emt 0:00:30]} Qe8 {[%emt 0:00:30]} 45. Qg3+ {[%emt 0:00:30]} Kf7 {[%emt 0:00:00]} 46. Qh4 {[%emt 0:00:00]} Qxe5 {[%emt 0:00:00]} 47. Qh7+ {[%emt 0:00:00]} Ke6 {[%emt 0:00:00]} 48. Qxb7 {[%emt 0:00:30]} Qc5 {[%emt 0:00:00]} 49. Qc8+ {[%emt 0:02:30]} Ke7 {[%emt 0:00:00]} 50. Qb7+ {[%emt 0:02:30]} Kd8 {[%emt 0:00:00]} 51. g3 {[%emt 0:00:30]} Qc1+ {[%emt 0:00:00]} 52. Kg2 {[%emt 0:00:30]} Qd1 {[%emt 0:00:00]} 53. Qxa6 {[%emt 0:00:30]} Qf3+ {[%emt 0:00:00]} 54. Kg1 {[%emt 0:00:30]} Qd1+ {[%emt 0:00:00]} 55. Qf1 {[%emt 0:00:30]} Qd2 {[%emt 0:00:00]} 56. Qh3 {[%emt 0:02:30]} Qd1+ {[%emt 0:00:00]} 57. Kh2 {[%emt 0:00:30]} Qf3 {[%emt 0:00:00]} 58. Qh8+ {[%emt 0:05:30]} Kc7 {[%emt 0:00:00]} 59. Qe5+ {[%emt 0:00:00]} Kc8 {[%emt 0:00:00]} 60. Qf4 {[%emt 0:00:00]} Qh5+ {[%emt 0:00:00]} 61. Kg2 {[%emt 0:00:30]} Kb7 {[%emt 0:00:00]} 62. b4 {[%emt 0:00:30]} Ka6 {[%emt 0:00:00]} 63. a4 {[%emt 0:00:30]} Kb7 {[%emt 0:00:00]} 64. Qd6 {[%emt 0:01:30]} Qf3+ {[%emt 0:00:00]} 65. Kg1 {[%emt 0:00:00]} Kb6 {[%emt 0:00:00]} 66. b5 {[%emt 0:00:00]} Ka5 {[%emt 0:00:00]} 67. bxc6 {[%emt 0:00:30]} Kb6 {[%emt 0:00:00]} 68. c7+ {[%emt 0:00:30]} Kb7 {[%emt 0:00:00]} 69. Qd7 {[%emt 0:00:00]} 1-0